| 000 | 00671cam a2200229 4500 | ||
|---|---|---|---|
| 001 | J64395 | ||
| 008 | 000000n2001 000 0 eng u | ||
| 035 | _a(Sirsi) u112510 | ||
| 041 | _aeng | ||
| 110 |
_aCluttons _92064 |
||
| 245 | 4 | _aThe London view : the Cluttons Central London residential property commentary. Spring and Autumn2001 | |
| 260 |
_aLondon _bCluttons _c2001 |
||
| 300 |
_a2pt. _c30cm. |
||
| 350 | _a0 | ||
| 650 | _aHOUSE PRICES | ||
| 650 | _aLONDON | ||
| 650 |
_aRESIDENTIAL PROPERTY _96266 |
||
| 650 | _aRESIDENTIAL MARKET | ||
| 650 | _aRESIDENTIAL RENTS | ||
| 690 | _aPROPERTY-RESIDENTIAL PROPERTY-RESIDENTIAL PROPERTY MARKET | ||
| 942 | _n0 | ||
| 999 |
_c101440 _d101440 |
||